<?xml version="1.0" encoding="UTF-8"?>
<marc:record xmlns:marc="http://www.loc.gov/MARC21/slim">
   <marc:leader>00000nam a2200000 a 4500</marc:leader>
   <marc:datafield ind1="0" ind2="0" tag="245">
      <marc:subfield code="a">Der weisse Hai</marc:subfield>
   </marc:datafield>
   <marc:datafield ind1="0" ind2="0" tag="245">
      <marc:subfield code="b">ein Strategiespiel voller Spannung, für 2 - 4 Spieler ab 12 Jahren.</marc:subfield>
   </marc:datafield>
   <marc:datafield ind1=" " ind2="1" tag="264">
      <marc:subfield code="a">Ravensburg</marc:subfield>
      <marc:subfield code="b">Ravensburger</marc:subfield>
   </marc:datafield>
   <marc:datafield ind1="1" ind2=" " tag="520">
      <marc:subfield code="a">DER WEISSE HAI &#x96; das atemberaubende Strategiespiel zum Filmklassiker! Fressen oder gefressen werden? Ein Spieler ist der Hai, die anderen sind Teil der Crew. Die Jagd beginnt! Siegt der Hai über die Crew oder die Crew über den Hai? Die Partie ist in zwei packende Akte unterteilt: Insel und Boot. Für ein kürzeres Spiel sind diese auch eigenständig spielbar. Nun heißt es: Rette sich wer kann, der Hai ist los!</marc:subfield>
   </marc:datafield>
   <marc:datafield ind1="3" ind2=" " tag="024">
      <marc:subfield code="a">4005556267996</marc:subfield>
   </marc:datafield>
</marc:record>
